Curso de periodismo especializado
Uloženo v:
| Hlavní autor: | |
|---|---|
| Médium: | Kniha |
| Jazyk: | španělština |
| Vydáno: |
Madrid
Síntesis
2012
|
| Vydání: | 1a. ed |
| Edice: | Letras Universitarias
|
| Témata: | |
| Tagy: |
Přidat tag
Žádné tagy, Buďte první, kdo vytvoří štítek k tomuto záznamu!
|
MARC
| LEADER | 00000cam a2200000 a 4500 | ||
|---|---|---|---|
| 001 | UCD5018 | ||
| 003 | CL-VaPUC | ||
| 008 | 160807e20120000sp |||||||||||||||||spa|d | ||
| 020 | |a 9788497568074 | ||
| 082 | 0 | 4 | |a 070 |b QUE |2 21 |
| 100 | 0 | |a Quesada, Montse |e author |9 588747 | |
| 245 | 1 | 0 | |a Curso de periodismo especializado |
| 250 | |a 1a. ed | ||
| 300 | |a 146 p | ||
| 942 | |c BK | ||
| 945 | |d 20160807 22:49:00 |a dcastane | ||
| 260 | |a Madrid |b Síntesis |c 2012 | ||
| 650 | 0 | |a Periodismo |9 310113 | |
| 650 | 0 | |a Fuentes de información |9 337538 | |
| 583 | |a last modification |c 20160807 22:49:00 |k Rodrigo Vera | ||
| 490 | 0 | |a Letras Universitarias | |
| 999 | |c 365790 |d 365788 | ||
| 952 | |0 0 |1 0 |3 erb |4 0 |6 070_000000000000000_QUE_2012 |7 0 |8 A |9 479745 |a BIBCUR |b BIBCUR |i 5335116 |l 1 |o 070 QUE 2012 |p 5335116 |r 2025-04-22 |s 2023-06-12 |w 2019-11-24 |y BK |z Catalogado en:20160807 |k MGC | ||